Burning issue (Record no. 121140)

MARC details
000 -LEADER
fixed length control field 00873nas a22002417a 4500
001 - CONTROL NUMBER
control field K121140
007 - PHYSICAL DESCRIPTION FIXED FIELD--GENERAL INFORMATION
fixed length control field ta
008 - FIXED-LENGTH DATA ELEMENTS--GENERAL INFORMATION
fixed length control field 191021b2019 ||||| |||| 00| 0 eng d
041 ## - LANGUAGE CODE
Language code of text/sound track or separate title eng
100 ## - MAIN ENTRY--PERSONAL NAME
Personal author Wilson, Robyn
245 ## - TITLE STATEMENT
Title Burning issue
260 ## - PUBLICATION INFORMATION
Date 2019
490 ## - SERIES TITLE
Series statement Modus
Volume June 2019, 12-17(6)
520 ## - ABSTRACT
Abstract Discusses the inconsistencies in building and fire safety standards which have emerged since the Grenfell Fire and the work that the International Fire Safety Standards (IFSS) Coalition is doing to harmonise them. Includes an infographic showing the inequalities in fire related deaths around the world.
650 ## - KEYWORDS
Keywords FIRE
650 ## - KEYWORDS
Keywords GRENFELL FIRE
650 ## - KEYWORDS
Keywords FIRE SAFETY
650 ## - KEYWORDS
Keywords INTERNATIONAL FIRE SAFETY STANDARDS COALITION
650 ## - KEYWORDS
Keywords IFFS
650 ## - KEYWORDS
Keywords STANDARDS
651 ## - SUBJECT ADDED ENTRY--GEOGRAPHIC NAME
Geographic name United Kingdom
690 ## - LOCAL SUBJECT ADDED ENTRY--TOPICAL TERM (OCLC, RLIN)
9 (RLIN) 6244
Topical term or geographic name as entry element Health and safety
Holdings
Withdrawn status Lost status Source of classification or shelving scheme Damaged status Not for loan Home library Current library Shelving location Date acquired Total Checkouts Date last seen Price effective from Koha item type
    Dewey Decimal Classification     London London Gallery 21/10/2019   21/10/2019 21/10/2019 Journal article